000
00303nam a22001457a 4500
008
230321b ||||| |||| 00| 0 eng d
020
_a
0060933763
041
_a
eng
080
_a
781
082
_a
781GIN
100
_a
20
101
_a
MUZIK
245
_a
ALLEN G
_c
SELECTED POEMS
942
_2
udc
_c
BK
999
_c
59405
_d
59405